The natural history of antelopes
| Main Author: | |
|---|---|
| Format: | Book |
| Published: |
New York :
Facts on File ,
c1986
|
| Subjects: |
MARC
| LEADER | 00000cam a2200000 7i4500 | ||
|---|---|---|---|
| 001 | 0000003538 | ||
| 005 | 20040209093000.0 | ||
| 008 | 021118s1986 | ||
| 020 | |a 0816015813 | ||
| 090 | 0 | 0 | |a QL737.U55 |b S68 1986 |
| 100 | 0 | |a Spinage, C. A. [ |q (Clive A.)] , |e author | |
| 245 | 1 | 4 | |a The natural history of antelopes |c C. A. Spinage |
| 260 | 2 | |a New York : |b Facts on File , |c c1986 | |
| 300 | |a xiii, 203 p. ; |c 25 cm. | ||
| 504 | |a Includes bibliography: p. 197-198 and index | ||
| 650 | 0 | |a Antelopes | |
| 999 | |a 1000032681 |b Book |c OPEN SHELF (30 DAYS) |e Gong Badak Campus | ||